| 000 -LEADER |
| fixed length control field |
02230nam a22002057a 4500 |
| 020 ## - INTERNATIONAL STANDARD BOOK NUMBER |
| ISBN |
9781800377004 |
| 082 ## - DEWEY DECIMAL CLASSIFICATION NUMBER |
| Classification number |
320.6 |
| Item number |
H37 2024 |
| 245 ## - TITLE STATEMENT |
| Title |
Handbook of indigenous public policy / edited by Sheryl Lightfoot, Sarah Maddison. |
| 260 ## - PUBLICATION, DISTRIBUTION, ETC. (IMPRINT) |
| Place of publication |
Northampton : |
| Name of publisher |
Edward Elgar Publishing, |
| Year of publication |
©2024. |
| 300 ## - PHYSICAL DESCRIPTION |
| Number of Pages |
1 online resource, xii, 411 pages. |
| 500 ## - GENERAL NOTE |
| General note |
Includes bibliographical references and index. |
| 520 ## - SUMMARY, ETC. |
| Summary, etc |
"This ground-breaking Handbook explores the key legal, political and policy questions concerning the implementation of Indigenous rights across the world. An exciting mix of expert Indigenous and non-Indigenous contributors analyse the complex dynamics of contestation, engagement, advocacy and refusal between governments and Indigenous peoples, presenting a profound challenge to mainstream policy scholarship. Chapters employ both country-level case studies as well as global analyses, covering key themes such as self-determination, sovereignty, culture, land and territory. They showcase the extensive evidence that policy imposed on Indigenous peoples without their involvement is at best ineffective and at worst harmful. Through examining the ongoing impacts of colonisation, contributors identify future pathways for Indigenous public policy, including truth-telling processes, resurgence movements, and international human rights law. Ultimately, the Handbook highlights the vital importance and extensive policy benefits of treating Indigenous people as rights-bearing members of sovereign and self-determining Indigenous nations. The Handbook of Indigenous Public Policy will be essential reading for students and scholars of Indigenous studies, public policy, international relations, and political science. It will also be invaluable for policy-makers looking to centre Indigenous people and their rights in the policy-making process"-- Provided by publisher. |
| 650 ## - SUBJECT ADDED ENTRY--TOPICAL TERM |
| Topical Term |
Indigenous peoples--Government policy. |
| 650 ## - SUBJECT ADDED ENTRY--TOPICAL TERM |
| Topical Term |
Indigenous peoples--Politics and government. |
| 650 ## - SUBJECT ADDED ENTRY--TOPICAL TERM |
| Topical Term |
Indigenous peoples--Government relations. |
| 650 ## - SUBJECT ADDED ENTRY--TOPICAL TERM |
| Topical Term |
Indigenous peoples--Legal status, laws, etc. |
| 700 ## - ADDED ENTRY--PERSONAL NAME |
| Personal name |
Lightfoot, Sheryl R., editor. |
| 700 ## - ADDED ENTRY--PERSONAL NAME |
| Personal name |
Maddison, Sarah, editor. |
| 942 ## - ADDED ENTRY ELEMENTS (KOHA) |
| Koha item type |
Electronic Books |